01806nam a2200361Ia 4500001001200000003000800012006001900020007001500039008004100054010001700095020005200112020004900164040002100213035002100234050002500255082001400280245031900294260005600613300001600669504005100685533015200736630003100888650003800919651002700957655002900984700005201013700002001065710012401085710007301209710001701282856012601299999001901425ebr10194178CaPaEBRm u cr cn|||||||||070608s2007 dcu sb 001 0 eng d z 2008024090 z9780309106726 (pbk. perfect bound : alk. paper) z0309106729 (pbk. perfect bound : alk. paper) aCaPaEBRcCaPaEBR a(OCoLC)18104059814aHA37.U55bU85 2007eb04a317.322200aUsing the American community surveyh[electronic resource] :bbenefits and challenges /cPanel on the Functionality and Usability of Data from the American Community Survey, Constance F. Citro and Graham Kalton, editors ; Committee on National Statistics, Division of Behavioral and Social Sciences and Education. aWashington, DC :bNational Academies Press,cc2007. axxi, 330 p. aIncludes bibliographical references and index. aElectronic reproduction.bPalo Alto, Calif. :cebrary,d2009.nAvailable via World Wide Web.nAccess may be limited to ebrary affiliated libraries.00aAmerican community survey. 0aHousehold surveyszUnited States. 0aUnited StatesvCensus. 7aElectronic books.2local1 aCitro, Constance F.q(Constance Forbes),d1942-1 aKalton, Graham.2 aNational Research Council (U.S.).bPanel on the Functionality and Usability of Data from the American Community Survey.2 aNational Research Council (U.S.).bCommittee on National Statistics.2 aebrary, Inc.40uhttp://site.ebrary.com/lib/rucke/Doc?id=10194178zAn electronic book accessible through the World Wide Web; click to view c114583d114583